Social-economic implications of rapid agricultural growth in Punjab (Record no. 3489)

000 -LEADER
fixed length control field 00388pab a2200145 454500
008 - FIXED-LENGTH DATA ELEMENTS--GENERAL INFORMATION
fixed length control field 180718b1983 xxu||||| |||| 00| 0 eng d
100 ## - MAIN ENTRY--PERSONAL NAME
Personal name Sidhu, D.S.
245 ## - TITLE STATEMENT
Title Social-economic implications of rapid agricultural growth in Punjab
260 ## - PUBLICATION, DISTRIBUTION, ETC.
Date of publication, distribution, etc. 1983
300 ## - PHYSICAL DESCRIPTION
Extent 608-12
362 ## - DATES OF PUBLICATION AND/OR SEQUENTIAL DESIGNATION
Dates of publication and/or sequential designation 9 Apr.
650 ## - SUBJECT ADDED ENTRY--TOPICAL TERM
Topical term or geographic name entry element Agricultural Development - India - Punjab
773 ## - HOST ITEM ENTRY
Main entry heading Commerce
909 ## -
-- 3489
Holdings
Withdrawn status Lost status Damaged status Not for loan Permanent Location Current Location Date acquired Serial Enumeration / chronology Barcode Date last seen Price effective from Koha item type
        Indian Institute of Public Administration Indian Institute of Public Administration 2018-07-19 Volume no: 146, Issue no: 3749 AR3490 2018-07-19 2018-07-19 Articles

Powered by Koha